000 00588nam a22002057a 4500
005 20251108164926.0
008 250721s2001 xx 000 0 ara d
020 _a995707203x
082 1 4 _a616.08/زار
100 1 _aزارو، جون
245 1 0 _aدليل المبتدئين بالعلاج النفسي /
264 1 _aعمان :
_bدار الفكر،
_c2001.
300 _a228ص
650 1 7 _aالطب النفسي
650 1 7 _aالعلاج النفسي
700 1 _aبراش، رونالد
700 1 _aترلمان، ديبوا
942 _2ddc
_cBK
999 _c17593
_d17593